| 000 | 00480nam a2200145Ia 4500 | ||
|---|---|---|---|
| 008 | 220217s9999 xx 000 0 und d | ||
| 100 | _aAnuja Dileep | ||
| 245 | 0 | _aMolecular cloning and sequencing of hevein gene from different clones of Hevea brasiliensis | |
| 260 |
_bCochin University of Science and Technology _a Cochin _c2013 |
||
| 300 | _a53 | ||
| 500 | _aCourse: MSc Biotec | ||
| 700 | _aDr A Thulaseedharan | ||
| 850 | _aRubber Research Institute of India | ||
| 942 | _cTS | ||
| 999 |
_c74221 _d74221 |
||